The post-resurrection ministry of Christ. (Record no. 7624)

000 -LEADER
fixed length control field 00696nam a2200205 a 4500
001 - CONTROL NUMBER
control field :::00005385$&:&@@
003 - CONTROL NUMBER IDENTIFIER
control field OkBaRHE
005 - DATE AND TIME OF LATEST TRANSACTION
control field 20000607103325.0
008 - FIXED-LENGTH DATA ELEMENTS--GENERAL INFORMATION
fixed length control field s1985 j 000 0 eng u
040 ## - CATALOGING SOURCE
Transcribing agency
100 1# - MAIN ENTRY--PERSONAL NAME
Personal name MacLaren, Alexander.
245 14 - TITLE STATEMENT
Title The post-resurrection ministry of Christ.
260 ## - PUBLICATION, DISTRIBUTION, ETC. (IMPRINT)
Place of publication, distribution, etc Minneapolis, MN., :
Name of publisher, distributor, etc Klock & Klock Christian Publishers
Date of publication, distribution, etc 1985
300 ## - PHYSICAL DESCRIPTION
Extent 151 p. ;
Dimensions 23 cm.
650 ## - SUBJECT ADDED ENTRY--TOPICAL TERM
Topical term or geographic name as entry element Bible New Testament Gospels
General subdivision Criticism, Interpretation, etc.
650 ## - SUBJECT ADDED ENTRY--TOPICAL TERM
Topical term or geographic name as entry element Jesus Christ
General subdivision Appearances
700 ## - ADDED ENTRY--PERSONAL NAME
Personal name Swete, Henry Barclay.
942 ## - ADDED ENTRY ELEMENTS (KOHA)
Source of classification or shelving scheme
Koha item type Books
Copies
Copy number Shelving location Not for loan Withdrawn status Full call number Permanent Location Price effective from Lost status Koha item type Source of classification or shelving scheme Date acquired Damaged status Barcode Date last seen
1General Stacks  BT 490 .M2822RHEMA Bible Training College2010-04-14 Books 2010-04-14 53852010-04-14